| 000 | 00723nam a2200229 a 4500 | ||
|---|---|---|---|
| 008 | |||
| 020 | _a0073517186 (pbk.) | ||
| 049 | _aMAIN | ||
| 090 |
_aQA76.73.C154 _bBRA |
||
| 100 | 1 | _aBradley, Julia Case. | |
| 245 | 1 | 0 |
_aProgramming in visual C# 2005 / _cJulia Case Bradley and Anita C. Millspaugh. |
| 260 |
_aBoston : _bMcGraw-Hill, _c2008. |
||
| 300 |
_axx, 644 p. _bill. ; _c28 cm. |
||
| 650 | _aVisual programming languages (computer science). | ||
| 650 | 1 | _aC# (Computer program language). | |
| 700 | _aMillspaugh, Anita C. | ||
| 907 |
_a.b1029269x _b12-02-13 _c02-03-11 |
||
| 003 | |||
| 005 | 20230123125213.0 | ||
| 040 | _cNUST | ||
| 942 |
_cBOOKS _kQA76.73.C154 _mBRA |
||
| 999 |
_c137505 _d137505 |
||